ბათუმის შოთა რუსთაველის სახელმწიფო უნივერსიტეტის ბიბლიოთეკა

ქაშქა-აბეშლა : (ბიბ.ჩანაწერი № 62234)

000 -ლიდერი
ფიქსირებული სიგრძის საკონტროლო ველი 01479nam a2200241 4500
003 - საკონტროლო ნომრის იდენტიფიკატორი
საკონტროლო ველი Ge_BSU
005 - ბოლო ოპერაციის თარიღი და დრო
საკონტროლო ველი 20240827150104.0
008 - ფიქსირებული სიგრძის მონაცემთა ელემენტები - ზოგადი ინფორმაცია
ფიქსირებული სიგრძის საკონტროლო ველი 240827s2010 ge ||||| |||| 00| 0 geo d
041 ## - ენის კოდი
Language code of text/sound track or separate title geo
080 ## - უნივერსალური ათობითი კლასიფიკაციის ინდექსი
Universal Decimal Classification number 39(=35)+94(=35)+811.35’373.2 გ-60
100 ## - მთავარი ჩანაწერი - პიროვნების სახელი
Personal name გოგიტიძე, სიმონ
9 (RLIN) 101
245 ## - ცნობა სათაურის შესახებ
Title ქაშქა-აბეშლა :
Remainder of title აფხაზურ (აფსუა)-ადიღეური თუ ქართველური მოდგმა? /
Statement of responsibility, etc სიმონ გოგიტიძე ; [რედ. ამირან კახიძე] ; ნიკო ბერძენიშვილის ინ-ტი.
264 ## - წარმოების, გამოცემის, დისტრიბუციის და სხვა ცნობები
გამოცემის, წარმოების, დისტრიბუციის... ადგილი ბათუმი :
გამოცემის, წარმოების, დისტრიბუციის... სახელწოდება შოთა რუსთაველის სახელმწ. უნ-ტის გამ-ბა და სტ.,
გამოცემის, წარმოების, დისტრიბუციის... თარიღი 2010.
300 ## - ფიზიკური აღწერა
Extent 324გვ. :
Other physical details რუკ. ;
Dimensions 20სმ.
504 ## - BIBLIOGRAPHY, ETC. NOTE
Bibliography, etc ბიბლიოგრ. ტექსტ. შენიშვნ.
520 ## - SUMMARY, ETC.
Summary, etc რეზ. ინგლ. და რუს.
653 ## - INDEX TERM--UNCONTROLLED
Uncontrolled term კავკასიის ხალხთა ეთნოგრაფია
653 ## - INDEX TERM--UNCONTROLLED
Uncontrolled term კავკასიის ხალხთა ისტორია
653 ## - INDEX TERM--UNCONTROLLED
Uncontrolled term კავკასიის ხალხთა ონომასტიკა
700 ## - ADDED ENTRY--PERSONAL NAME
Personal name კახიძე, ამირან,
Relator term რედაქტორი
9 (RLIN) 23131
710 ## - ADDED ENTRY--CORPORATE NAME
Corporate name or jurisdiction name as entry element ნიკო ბერძენიშვილის ინ-ტი
9 (RLIN) 23132
942 ## - ADDED ENTRY ELEMENTS (KOHA)
Source of classification or shelving scheme
Koha item type წიგნი
ეგზემპლარები
ჩამოწერის სტატუსი დაკარგული ეგზემპლარის სტატუსი კლასიფიკაციის წყარო ან თაროზე გაწყობის სქემა დაზიანების სტატუსი არ გაიცემა მუდმივი მდებარეობა (დაცვის ადგილი) ამჟამინდელი ადგილსამყოფელი თაროზე განთავსების ადგილი შეძენის თარიღი სრული შენახვის შიფრი შტრიხკოდი ბოლო ოპერაციის თარიღი ეგზემპლარის მიმდევრობითი ნომერი (კეტერი?) ფასის ძალაში შესვლის თარიღი ეგზემპლარის სახეობა
          ბათუმის შოთა რუსთაველის სახელმწიფო უნივერსიტეტის მთავარი ბიბლიოთეკა ბათუმის შოთა რუსთაველის სახელმწიფო უნივერსიტეტის მთავარი ბიბლიოთეკა წიგნსაცავი 2024-08-27 39(=35)+94(=35)+811.35’373.2 გ-60 27212 2024-08-27 27212 2024-08-27 წიგნი